000 02167cam a22004694i 4500
003 PE-LiUPU
005 20250731172940.0
008 150623s r 000 0 d
020 _a0385012594
035 _a(Sirsi) i9780385012591
040 _aPE-LiUPU
_bspa
_cPE-LiUPU
_erda
049 _aPRUA
082 0 4 _a220.7
_bAB1965
_221
100 1 _aMyers, Jacob M.,
_eautor.
245 1 0 _aI Chronicles.
_n12 /
_cJacob M. Myers.
264 1 _aNew York :
_bDoubleday,
_c1965.
300 _a239 páginas ;
_c24 centímetros
336 _atext
_2rdacontent
337 _aunmediated
_2rdamedia
338 _avolume
_2rdacarrier
490 0 _aThe Anchor Bible ;
_v12
504 _aIncluye bibliografía.
505 0 _aGenealogical lists from Adam to Israel. - The line Judah. - The line of David. - Southern tribal lists. - The citizens of Jerusalem and Its environs. - The death of Saul. - David's rise power. - David's might men. - David's plan for a second attempt to move the ark to Jerusalem. - David's desire to build the temple meets with Yahweh's disapprobal. - David's punished for taking the temple. His charge to Solomonfor Its contruction. - Preparation for the temple: Classification for the levites. - Preparations for the temple: Classification of the priests and the other levites. - Preparation for the temple: Classification of the musicians. - Praparation for the temple: Classification of the Gatekeepers and treasury officials.
526 _aSEG42
526 _aSEG41
526 _aSEG40
526 _aSEG39
526 _aP94
526 _aP87
526 _aP86
526 _aP85
526 _aP77
526 _aP76
526 _aP35
630 _aBiblia.
_pA.T.
_pCrónicas I
_xComentarios.
942 _2ddc
_cBOOK
949 _a220.7 AB 12 1965
_wDEWEY
_c1
_i44546
_lCCODEBUL1
_mBUL
_r0
_sY
_tBOOK
_u2015-6-24
_xTEOLOGIA
_PP35
_0COMPRA
_o.STAFF. Colección General
994 _aC0
_bPEPRU
596 _a1
999 _a220.7 AB 12 1965
_wDEWEY
_c21430
_i44546
_d21430
_f2021-11-9
_g5
_lCCODEBUL1
_mBUL
_q1
_r0
_sY
_tBOOK
_u2015-6-24
_xTEOLOGIA
_PP35
_0COMPRA
_o.STAFF. Colección General
980 _81
_gALBERTO SANCHEZ Responsable de Automatización